• 首页
  • 本馆介绍
  • 公告通知
  • 最新文献
  • 馆藏检索
  • 电子资源
  • 读者导购
  • 参考咨询
  • 我的图书馆
  • 登录
  • 详细信息显示
  • 放入我的书架
  • 预约/预借图书
  • 作者相关作品
  • 分类相关作品
  • 丛书相关作品
  • 出版社相关作品

书目信息

  • 表格格式
  • 工作单格式
  • 卡片格式
题名:
城管执法理论研究
    
 
作者: 高洁如 著
分册:  
出版信息: 北京   法律出版社  2014
页数: 272页
开本: 21cm
丛书名:
单 册:
中图分类: D922.297.4
科图分类:
主题词: 城市管理--行政执法--研究--中国 , 城市管理 , 行政执法
电子资源:
ISBN: 978-7-5118-5713-2
000 00816nam0 2200265 450
001 5
005 20140908081905.31
010    @a978-7-5118-5713-2@dCNY28.00
100    @a20140409d2014 em y0chiy50 ea
101 0  @achi
102    @aCN@b110000
105    @ay z 000yy
106    @ar
200 1  @a城管执法理论研究@f高洁如著
210    @a北京@c法律出版社@d2014
215    @a272页@d21cm
300    @a北京高等学校青年英才计划项目
330    @a本书从行政执法理论角度出发,在广泛调研、收集案例、考察他国经验做法的基础上,深入探讨城管执法的相关理论问题,以期为城管执法实践的完善有所裨益。
606 0  @a城市管理@x行政执法@x研究@y中国
606 0  @a城市管理
606 0  @a行政执法
690    @aD922.297.4@v5
701  0 @a高洁如@4著
801  0 @aCN@bTANGWEI@c20140603
905    @b0843121-23@dD922.297.4@e1141@f3
    
    城管执法理论研究/高洁如著.-北京:法律出版社,2014
    272页;21cm
    北京高等学校青年英才计划项目
    
    ISBN 978-7-5118-5713-2:CNY28.00
    本书从行政执法理论角度出发,在广泛调研、收集案例、考察他国经验做法的基础上,深入探讨城管执法的相关理论问题,以期为城管执法实践的完善有所裨益。
●
相关链接 在E读中查询图书 在五车中查询图书 在当当中查询图书 在豆瓣中查询图书


正题名:城管执法理论研究     索取号:D922.297.4/1141         预约/预借

序号 登录号 条形码 馆藏地/架位号 状态 备注
1 0843121   208431213   第一样本阅览室/ [索取号:D922.297.4/1141] 在馆    
2 0843122   208431222   第一借阅区/ [索取号:D922.297.4/1141] 在馆    
3 0843123   208431231   密集书库-史法系/ [索取号:D922.297.4/1141] 在馆    
唐山师范学院图书馆 欢迎您!
大连网信软件有限公司© 版权所有